Miesiące w języku niemieckim - Statystyki

Ogólne statystyki
  • Ten quiz został rozwiązany 24 razy
  • Średni wynik to 11 z 12
Statystyki odpowiedzi
j. polski j. niemiecki % Poprawnych
Kwiecień April
100%
Luty Februar
95%
Styczeń Januar
95%
Lipiec Juli
95%
Marzec März
95%
Listopad November
95%
Czerwiec Juni
90%
Wrzesień September
90%
Sierpień August
85%
Październik Oktober
85%
Grudzień Dezember
80%
Maj Mai
80%
Nie znaleziono quizów pasujących do podanych kryteriów
Rozkład punktacji
Procent ludzi z każdym wynikiem
Percentyl według liczby udzielonych odpowiedzi
Twoja historia wyników
Nie rozwiązałeś tego quizu